<?xml version="1.0" encoding="UTF-8"?>
<record
    xmlns:xsi="http://www.w3.org/2001/XMLSchema-instance"
    xsi:schemaLocation="http://www.loc.gov/MARC21/slim http://www.loc.gov/standards/marcxml/schema/MARC21slim.xsd"
    xmlns="http://www.loc.gov/MARC21/slim">

  <leader>01488naa a2200265 i 4500</leader>
  <controlfield tag="001">BPP</controlfield>
  <controlfield tag="003">BPK</controlfield>
  <controlfield tag="005">20180124124121.0</controlfield>
  <controlfield tag="008">140610s2004    pl     f     |100 0    </controlfield>
  <datafield tag="040" ind1=" " ind2=" ">
    <subfield code="c">BPK</subfield>
  </datafield>
  <datafield tag="080" ind1=" " ind2=" ">
    <subfield code="a">635.1/.7</subfield>
  </datafield>
  <datafield tag="080" ind1=" " ind2=" ">
    <subfield code="a">631.563.9</subfield>
  </datafield>
  <datafield tag="100" ind1=" " ind2=" ">
    <subfield code="a">WACHOWICZ, Ewa.</subfield>
    <subfield code="d">1996 - .</subfield>
    <subfield code="b">Politechnika Koszali&#x144;ska - Wydzia&#x142; Mechaniczny,</subfield>
    <subfield code="c">Katedra System&#xF3;w Sterowania</subfield>
  </datafield>
  <datafield tag="245" ind1=" " ind2=" ">
    <subfield code="a">Model proces&#xF3;w wymiany ciep&#x142;a i masy w przechowalni warzyw korzeniowych /</subfield>
    <subfield code="c">Ewa Wachowicz.</subfield>
  </datafield>
  <datafield tag="260" ind1=" " ind2=" ">
    <subfield code="c">2004.</subfield>
  </datafield>
  <datafield tag="500" ind1=" " ind2=" ">
    <subfield code="a">Dane z autopsji.</subfield>
  </datafield>
  <datafield tag="520" ind1=" " ind2=" ">
    <subfield code="a">W opracowaniu opisano na potrzeby automatyki matematyczny i komputerowy model proces&#xF3;w wymiany ciep&#x142;a i masy wyst&#x119;puj&#x105;cych w przechowalni burak&#xF3;w. Dysponuj&#x105;c modelem mo&#x17C;na przeprowadzi&#x107; badania symulacyjne proces&#xF3;w z wykorzystaniem toolbox'a SIMULONK pakietu programowego MATLAB. Podczas bada&#x144; mo&#x17C;na m.in. wyznaczy&#x107; przebiegi: temperatury burak&#xF3;w, zawarto&#x15B;&#x107; wody w burakach, temperatury powietrza wewn&#x105;trz przechowalni oraz zawarto&#x15B;&#x107; wody w powietrzu wewn&#x119;trznym.</subfield>
  </datafield>
  <datafield tag="650" ind1=" " ind2="0">
    <subfield code="a">Magazyn.</subfield>
  </datafield>
  <datafield tag="650" ind1=" " ind2="0">
    <subfield code="a">Warzywa.</subfield>
  </datafield>
  <datafield tag="650" ind1=" " ind2="0">
    <subfield code="a">Termodynamika.</subfield>
  </datafield>
  <datafield tag="655" ind1=" " ind2="0">
    <subfield code="a">Materia&#x142;y konferencyjne.</subfield>
  </datafield>
  <datafield tag="773" ind1=" " ind2=" ">
    <subfield code="i">W :</subfield>
    <subfield code="t">Budowa i eksploatacja maszyn przemys&#x142;u spo&#x17C;ywczego BEMS 2004 : XI Konferencja Naukowo-Techniczna. -</subfield>
    <subfield code="d">Koszalin : Wydawnictwo Uczelniane Politechniki Koszali&#xE4;skiej, 2004. -</subfield>
    <subfield code="g">s. 137</subfield>
  </datafield>
  <datafield tag="711" ind1=" " ind2=" ">
    <subfield code="a">BEMS 2004</subfield>
    <subfield code="n">(11 ;</subfield>
    <subfield code="d">2004 ;</subfield>
    <subfield code="c">Koszalin - Dar&#x142;&#xF3;wko, Polska).</subfield>
    <subfield code="p">BEMS 2004</subfield>
  </datafield>
  <datafield tag="942" ind1=" " ind2=" ">
    <subfield code="c">ART</subfield>
    <subfield code="2">UKD</subfield>
  </datafield>
  <datafield tag="999" ind1=" " ind2=" ">
    <subfield code="c">6031</subfield>
    <subfield code="d">6031</subfield>
  </datafield>
  <datafield tag="952" ind1=" " ind2=" ">
    <subfield code="0">0</subfield>
    <subfield code="1">0</subfield>
    <subfield code="4">0</subfield>
    <subfield code="7">0</subfield>
    <subfield code="a">BPK</subfield>
    <subfield code="b">BPK</subfield>
    <subfield code="o">72061</subfield>
    <subfield code="y">ART</subfield>
  </datafield>
</record>
